Normal view
MARC view
- Lec Muhammad Ali Shaikh
Entry Personal Name
001 - CONTROL NUMBER
- control field: 48151
003 - CONTROL NUMBER IDENTIFIER
- control field: NUST
005 - DATE AND TIME OF LATEST TRANSACTION
- control field: 20210314134002.0
008 - FIXED-LENGTH DATA ELEMENTS
- fixed length control field: 210314|| aca||aabn | a|a d
040 ## - CATALOGING SOURCE
- Original cataloging agency: NUST
- Transcribing agency: NUST
100 ## - HEADING--PERSONAL NAME
- Personal name: Lec Muhammad Ali Shaikh
670 ## - SOURCE DATA FOUND
- Source citation: Work cat.: (NUST): Saad Younas Syndicate # 21 48150, Rehabilitation and retrofitting of rcc frame structures, 2008
